Sports Quiz

Random Sports or NFL Quiz

Top 15 NFL Rookie Passing Yards Quiz Stats

 Plays Quiz Updated Apr 23, 2018

Challenge
Share
Tweet
Embed
Score 0/15 Timer 07:00
3 Plays Today
Yards Quarterback % Correct
3,739Peyton Manning
98.3%
4,374Andrew Luck
96.4%
3,118Russell Wilson
96.4%
3,440Matt Ryan
96.3%
3,270Derek Carr
93.6%
3,782Carson Wentz
93.2%
3,398Andy Dalton
92.3%
3,667Dak Prescott
91.1%
Yards Quarterback % Correct
4,042Jameis Winston
91%
4,051Cam Newton
88.8%
3,593Jim Kelly
85.7%
3,200Robert Griffin III
85.7%
3,294Ryan Tannehill
80.6%
3,338Warren Moon
79.1%
3,512Sam Bradford
74.2%

You're not logged in!

Compare scores with friends on all Sporcle quizzes.
Join for Free
OR
Log In

You Might Also Like...

Show Comments

Extras

Top Quizzes Today


Score Distribution

Your Account Isn't Verified!

In order to create a playlist on Sporcle, you need to verify the email address you used during registration. Go to your Sporcle Settings to finish the process.

Report this User

Report this user for behavior that violates our Community Guidelines.

Details: